00542nam a2200193 a 4500001001300000003000900013005001700022008004100039020001000080082001600090100001600106245004100122260006200163300000800225500003500233505002400268650004000292700001600332nice12345678IN_TiNIC20260116011748.0050524s0000 hyda grp 000 0 eng  ac10000a297.24bANO aAnonymous,  aBirth of Jesus in the Light of Quran aHyderabadbInst.Of Indo-Middle East Cultural Studiec0000 a50p aincludes index and biblioraphy2 aIndex, Bibliography aJesus Christ-Islamic Interpretation1 aAnonymous,